000 01616 a2200181 4500
003 Nust
005 20221117122635.0
020 _a978-81-239-1968-3
040 _cNust
082 _a621.38,SAR
100 _aI.J.S.Sarna
_9102834
245 _aProblems and Solutions of Mathematics for Engineers with Essential Theory /
_cI.J.S.Sarna
260 _aNew Delhi
_bCBS Publishers And Distributors Pvt Ltd
_c2011
300 _aVarious Pages
505 _aSuccessive Differentiation (Page-1.38), Mean value theorems, taylor theorem with remainder, taylor,s Series and expansions of functions (Page-2.47), Definite integrals (Page-3.47), Reduction formulae (Page-4.39), Elements of curve tracing and standard curves (Page-5.23), Areas of plane Curves (Page-6.32), Lengths of plane curves (Page-7.21), Volumes and surfaces of solids of revolution (Page-8.42), Centroids, centers of gravity and theorems of pappus (Page-9.31), Infinite Series (Page-10.40), Partial Differentiation (Page-11.88), Applications of Partial Derivatives (Page-12.70), Multiple Integrals (Page-13.69), Vector Calculuc (Page-14.104), Linear algebra Matrix eigenvalue problems (Page-16.40), Ordinary differential equations of first order (Page-17.54), Linear differential equations (Page-18.72), Partial differential equations (Page-19.48), Applications of partial differential equations (Page-20.55), Laplace transformation (Page-21.53), Finite differences and interpolation (Page-22.44), Numerical differentation and integration (Page-23.38), Statistic and probability (Page-24.174).
650 _aTelecommunication Engineering
942 _2ddc
_cBK
999 _c189548
_d189548